MARC

LEADER 00000nam0a2200000 4500
001 166004
005 20231031162103.0
035 |a (RuTPU)RU\TPU\book\180071 
090 |a 166004 
100 |a 20090924d1965 k y0rusy50 ca 
101 0 |a rus 
102 |a RU 
105 |a a z 001zy 
200 1 |a  Редкоземельные ферромагнетики и антиферромагнетики  |f  К. П. Белов [и др.] 
210 |a Москва  |c Наука  |d  1965 
215 |a 320 с.  |c черт. 
225 1 |a Современные проблемы физики 
320 |a Библиогр.: с. 300-319. 
610 1 |a ферромагнетики 
610 1 |a редкоземельные элементы 
610 1 |a антиферромагнетики 
610 1 |a физика 
610 1 |a магнитные свойства 
610 1 |a гидриды 
610 1 |a галогениды 
610 1 |a магнитный резонанс 
610 1 |a эффект Мессбауэра 
675 |a 538.221  |v 3 
701 1 |a Белов  |b К. П.  |g Константин Петрович 
701 1 |a Белянчикова  |b М. А.  |g Марианна Александровна 
701 1 |a Левитин  |b Р. З.  |g Рудольф Зиновьевич 
701 1 |a Никитин  |b С. А.  |g Сергей Александрович 
801 1 |a RU  |b 63413507  |c 20090924 
801 2 |a RU  |b 63413507  |c 20150401  |g RCR 
942 |c BK